000 00380nam a2200145Ia 4500
008 211109s9999||||xx |||||||||||||| ||und||
082 _a420
_bTRI-E
100 _aTrivia,
245 0 _aEnglish Language
260 _bOxford University Press
_aLondon
_c2008
300 _a138p.
630 _xGeneral Stack
650 _aEnglish Essays
_vEnglish Literature
_xEnglish
942 _cBOOK
999 _c29386
_d29386